| 000 | 00824cam a22002653a 4500 | ||
|---|---|---|---|
| 001 | 14268 | ||
| 003 | PGUSA | ||
| 005 | 20140828083315.0 | ||
| 008 | 041206s2004||||xxu|||||s|||||000 | eng d | ||
| 040 |
_aPGUSA _beng |
||
| 042 | _adc | ||
| 050 | 4 | _aPA | |
| 100 | 1 |
_aAbelard, Peter, _d1079-1142 |
|
| 245 | 1 | 0 |
_aHistoria Calamitatum _h[electronic resource] / _cPeter Abelard |
| 260 |
_bProject Gutenberg, _c2004 |
||
| 506 | _aPublic domain in the USA. | ||
| 516 | _aElectronic text | ||
| 653 | _aAuthors, Latin (Medieval and modern) -- France -- Biography | ||
| 653 | _aAbelard, Peter, 1079-1142 -- Relations with women | ||
| 653 | _aTheologians -- France -- Biography | ||
| 653 | _aAbelard, Peter, 1079-1142 | ||
| 830 | 0 |
_aProject Gutenberg _v14268 |
|
| 856 | 4 | 0 | _uhttp://www.gutenberg.org/ebooks/14268 |
| 942 | _cEB | ||
| 999 |
_c243523 _d243523 |
||